000 00621nam a2200205 a 4500
003 BD-DhJNU
005 20250115030938.0
008 250114s2008 bg a rb f100 0 eng
020 _a9788183421386
040 _aBD-DhJNU
_bENG
_cBD-DhJNU
_dBD-DhJNU
082 0 0 _a378 SEE
_223
100 1 _aSen, Rabindra
245 1 0 _aEncyclopaedia of higher education, Vol. : 1-5 /
_cRabindra Sen
260 _aNew Delhi :
_bCrescent Publishing Corporation,
_c2008.
300 _a295 p. ;
_c23 cm.
490 _v Vol. : 1-5
504 _aIncludes bibliographical references and index.
650 0 _aEducation
650 0 _aEncyclopedias
999 _c1090
_d1090